000 00898nam a2200253Ia 4500
003 OSt
005 20220923210943.0
006 a|||||r|||| 00| 0
007 ta
008 220922b |||||||| |||| 00| 0 hin d
020 _a8126001534 (hbk)
024 _a235,042
037 _cTextual
040 _aARTS
_cARTS
_bhin
041 _2hin
_ahin
082 _aO152,3N28,NE, 153P3
100 _aFਿਵਪ੍ਰਸਾਦ ਸਿੰਘ; ਭੁੱਲਰ, ਗੁਰਬਚਨ ਸਿੰਘ, ੳਗ.
_9156508
245 0 _aਨੀਲਾ ਜੰਦ
260 _aਦਿੱਲੀ
_b ਸਾਹਿ਼ਤ ਅਕਾਦੇਮੀ
_c2003
300 _a679gz
_ccm.
650 _aਹਿੰਦੀ ਸਾਹਿਤ
_9156509
942 _hO152,3N28,NE, 153P3
_cTEXL
_2CC
999 _c293151
_d293151